Регионална библиотека "Любен Каравелов" - Русе

Гаргушка Черногушка (Запис номер 139429)

MARC детайли
000 -Лидер
Контролно поле с фиксирана дължина 01237nam a2200313 a 4500
003 - Код на организацията, давaща контролен номер
Контролно поле BLK
005 - Дата и час на последна редакция
Контролно поле 20240322135449.0
008 - Елементи от данни с фиксирана дължина
fixed length control field 180409b bul|||||r ||||||| ||bul||
010 ## - Наследен системен номер
LC control number KNG00145473000
040 ## - Източник на каталожния запис
Идентификатор на билиотеката - собственик на записа BLK
041 ## - Код за език
Код за езика на текст/звукозапис или на отделно заглавие Български
Код за езика КДБФ Български
080 ## - УДК
Текстов определител УДК Българска литература
УДК код - определител по УДК 821.163.2
УДК определител -93-34
УДК - код + определител 821.163.2-93-34
100 ## - Редна дума - Автор
Автор Дойчев, Любомир
Пълна форма на името Колев, Любомир Дойчев
Дати, свързани с автора 1909 - 1991
Автор - информация (биография) Писател, редактор, общественик. Роден в Русе
R(LIN) 324475
139 ## - Редно поле
Редна дума Дойчев, Любомир
Авторски знак Дои - Д 71
245 10 - Сведения за заглавието
Заглавие Гаргушка Черногушка
Подзаглавни данни Приказка в стихове
Редно поле (дума) Любомир Дойчев; рис. Николай Стоянов.
257 ## - Страна на издаване
Страна на създаване/издаване България
260 ## - Област на издателските данни
Име на издателя, разпространителя и проч. Бълг. художник
Година на издаване 1961
Място на издаване, разпространение и проч. София
300 ## - Физическа характеристика
Страници 13 с.
Илюстрации и др. с ил.
Размери/Мащаб 30 см
380 ## - Жанр
Жанр Детска худож. лит.
500 ## - Общи забележки
Забележка 50 100 тир.
700 1# - Други автори (авторска отговорност)
Лично име Стоянов, Николай
Автороска отговорност (Описва отношението между автора и произведението) рис.
9 (RLIN) 365110
852 ## - Местоположение
Форматна сигнатура Цб ІІ 18054
856 4# - Електронен адрес и достъп
Електронен формат pdf - файл
856 4# - Електронен адрес и достъп
Електронен формат pdf - файл
999 ## - СИСТЕМНИ КОНТРОЛНИ НОМЕРА
Koha biblionumber 139429
Koha biblioitemnumber 139429
942 ## - АРТИКУЛИ
Вид на библиотечния материал Книги
Скрит в OPAC Не
Периодичен библиозапис Да
944 ## - СЪЗДАВАНЕ И РЕДАКЦИЯ на ЗАПИСА
Създаване/Редакция Създаване
Дата на регистрацията/редакция 10.07.2013
Статус, дата на статуса Кети Илиева
Служител, извършил регистрацията/редакцията 30550
944 ## - СЪЗДАВАНЕ И РЕДАКЦИЯ на ЗАПИСА
Създаване/Редакция Редакция
Дата на регистрацията/редакция 28.09.2017
Статус, дата на статуса 10.07.2013 - от С1,Р / 10.07.2013
Служител, извършил регистрацията/редакцията Кети_Илиева
999 ## - СИСТЕМНИ КОНТРОЛНИ НОМЕРА
Koha biblioitemnumber 139429
Наличности
Код за отписване Код за изгубен артикул Източник на класификационната схема Код за повреда Коз за рестрикции Код за отдаване Артикулен № Име на библиотеката - собственик Име на библиотеката, в която се намира в момента Статус (Текущо местоположение) Дата на вписване в системата Местоположение - отдел Цена в лева Инвентарен номер Систематично азбучна сигнатура Баркод Номер на екземпляра Цена в евро Служебна бележка Служебен тип на артикула Бележка за публиката
  Не е изгубен Universal Decimal Classification Не е повреден само за читалня ползва се в читалня 228290 Регионална библиотека "Любен Каравелов" Русе Регионална библиотека "Любен Каравелов" Русе Хранилище 1961-01-01 Хранилище 0.20 3444/62 Цб ІІ 18054 900000048594 1 0.10 N: стар фонд Дата: 01.01.1961 Книги  
Изтеглен Не е изгубен   Не е повреден без рестрикции заемане за дома 228291 Регионална библиотека "Любен Каравелов" Русе Регионална библиотека "Любен Каравелов" Русе Детски отдел 1961-01-01 Детски отдел 0.20 2779/62 ДХ 886.7/Д 71 2779/62 2 0.10 N: стар фонд Дата: 01.01.1961 Дата инв: 17.08.2015 Бележки инв: Д2015 Книги  
Изтеглен Не е изгубен Universal Decimal Classification Не е повреден без рестрикции заемане за дома 228292 Регионална библиотека "Любен Каравелов" Русе Регионална библиотека "Любен Каравелов" Русе Детски отдел 1961-01-01 Детски отдел 0.20 2783/62 ДХ 886.7/Д 71 2783/62 3 0.10 N: стар фонд Дата: 01.01.1961 Дата инв: 01.09.2015 Бележки инв: Д2015 Книги  
Изтеглен Не е изгубен Universal Decimal Classification Не е повреден без рестрикции заемане за дома 228293 Регионална библиотека "Любен Каравелов" Русе Регионална библиотека "Любен Каравелов" Русе Детски отдел 1961-01-01 Детски отдел 0.20 2785/62 ДХ 886.7/Д 71 2785/62 4 0.10 N: стар фонд Дата: 01.01.1961 Дата инв: 27.08.2015 Бележки инв: Д2015 Книги  
Изтеглен Не е изгубен   Не е повреден без рестрикции заемане за дома 228294 Регионална библиотека "Любен Каравелов" Русе Регионална библиотека "Любен Каравелов" Русе   1961-01-01 Детски отдел 0.20 2790/62 ДХ 886.7/Д 71 2790/62 5 0.10 N: стар фонд Дата: 01.01.1961 Дата инв: 03.11.2015 Бележки инв: Д2015 Книги Отч.N: 41/2017 , Дата: 08.09.2017
Изтеглен Не е изгубен Universal Decimal Classification Не е повреден без рестрикции заемане за дома 228295 Регионална библиотека "Любен Каравелов" Русе Регионална библиотека "Любен Каравелов" Русе Детски отдел 1961-01-01 Детски отдел 0.20 2791/62 ДХ 886.7/Д 71 2791/62 6 0.10 N: стар фонд Дата: 01.01.1961 Дата инв: 17.08.2015 Бележки инв: Д2015 Книги  
Изтеглен Не е изгубен Universal Decimal Classification Не е повреден без рестрикции заемане за дома 228296 Регионална библиотека "Любен Каравелов" Русе Регионална библиотека "Любен Каравелов" Русе Детски отдел 1961-01-01 Детски отдел 0.20 2792/62 ДХ 886.7/Д 71 2792/62 7 0.10 N: стар фонд Дата: 01.01.1961 Дата инв: 27.08.2015 Бележки инв: Д2015 Книги  
Vip Innovations Ltd, Rousse, Bulgaria 2025